Statistics for Portuguese Baby Boys' Names Top 100 (2017)

Click here to take the quiz!

General Stats

  • This quiz has been taken 119 times
  • The average score is 37 of 100

Answer Stats

HintAnswerOrigin of Name/Meaning% Correct
3JoãoBiblical. One of the apostles of Christ.
84%
7TomásBiblical. One of the Portuguese variations of the English name Thomas who was an appostle of Christ.
80%
23JoséBiblical. The name of the husband of the Mother of Christ.
78%
39EduardoGermanic. Version of the name Edward.
76%
9MiguelBiblical. One of the Angels named in the Bible, it is the Portuguese variant of Michael.
76%
2FranciscoGermanic. Portuguese variant of the current German name Franz.
74%
15PedroBiblical/Greek One of the appostles of Christ. Considered by most scholars and by the church as the first Pope.
71%
5RodrigoGermanic. Derived from de Visigothic name Roderich.
70%
35AndréGreek. It means manly or a man with virility. It corresponds to the English name Andrew.
69%
37LuísGermanic. Portuguese version of a very "kingly" name in France.
68%
81LucaItalian. Italian version of Luke.
67%
86ChristianEnglish. It's diminuitive is Chris and the name is not Christopher.
66%
27AntónioRoman. Name of one of the most important plebeian Roman families. The Most famous member is named Marco in Portuguese. Marco's surname is the current Portuguese name.
65%
29ManuelBiblical. It means "God with us" . It was the name of many east roman emperors.
64%
67PauloRoman. Name of the Saint who persued catholics before himself converting.
64%
48RicardoGermanic. Portuguese version of the name of the Lionhearted King of England.
64%
19TiagoBiblical. One of the Portuguese variants of the name James.
64%
57CarlosGermanic. Portuguese version of the name of ten French kings.
62%
72MarcoRoman. One of the most common Roman first names.
60%
60DaviBiblical. Less common version of the name of the father of King Solomon.
59%
80CristianoRoman. It is Ronaldo's first name.
58%
10GabrielBiblical. One of the Angels named in the Bible.
57%
70JorgeGermanic. It is the Portuguese version of the name of six kings of England/UK.
57%
61HugoGermanic. Second name of the author of "Les Misérables".
52%
36LeonardoGermanic. Portuguese name of one of the most important Italian Renaissance men.
51%
18LucasBiblical One of the Evangelists. And the Portuguese version of the Star Wars main character's name.
51%
14GuilhermeGermanic. Portuguese name with the same origin as the German name Wilhelm.
48%
16SalvadorMiscellaneous. Litteraly means "savior".
48%
40AlexandreGreek. Name of a great conqueror who did not have pacience for solving knots.
47%
33BernardoGermanic. It means tough bear and is very similar to the english variant.
47%
24DavidBiblical. He slew Goliath.
47%
17RafaelBiblical. One of the Angels named in the Bible.
46%
31DanielBiblical. It means "God is my judge" and the Portuguese version is the same as the English.
45%
91FernandoGermanic. The name of the Catholic king of Spain.
45%
30HenriqueGermanic. Name of the father of the first King of Portugal.
45%
54BrunoRoman/Germanic. It means a person with swarthy complexion.
44%
21DiogoBiblical. Another Portuguese variant of James.
44%
73ÂngeloBiblical but from Latin. It means Angel.
43%
100César, Edgar, Elias, Josué or MauroMany names in the same position guess one.
43%
59RuiGermanic. Another derivation of the Visigothic name Roderich which has only three letters.
43%
32VascoBasque (most likely). It literaly means someone who is Basque or from the Basque Country.
42%
62NoahBiblical. The man who built an ark. English version.
41%
76IvanRussian. Russian versioof John.
40%
44FilipeGreek. Name of a conqueror which was the father of an even greater conqueror.
38%
20GustavoGermanic. It was a very common name amongst Swedish Kings.
38%
89VítorRoman. It means victorious.
38%
64MárioRoman. It means a man with virility. Last name of Julius' Caesar famous most famous uncle.
37%
1SantiagoBiblical. The meaning is literally Saint James who was an appostle of Christ.
37%
52LorenzoItalian. Italian version of the name Lawrence.
36%
66FábioRoman. Common roman surname that sounds similar to Flavius (Portuguese Version of course).
35%
12GonçaloGermanic. Its meaning is someone who survived a battle/war. It is derived from the Visigothic name Gundisalvo.
35%
4AfonsoGermanic. Derived from an old Germanic name meaning "noble wolf"
34%
55NunoRoman/Germanic. It may mean teacher or master if it is Roman. Only common in Portuguese language countries.
34%
95EmanuelBiblical. Another portuguese version of the english Emmanuel.
33%
11LourençoRoman/Italian. It is the name of a Saint who was martyred in the Kingdom of Navarre now part of Spain.
33%
71JaimeBiblical. Portuguese version of the name James.
32%
49ArturCeltic. Portuguese version of the name of the most well known fictional King of England.
31%
27DiegoBiblical. Another variant of the name James.
31%
63JoaquimBiblical. The grandfather of Christ.
31%
47SamuelBiblical. It means "Son of God" in Hebrew.
31%
6MartimRoman. Derivation of Mars (the Roman god of war).
30%
46RúbenBiblical. The fist name of the 1960's boxer known has Hurricane.
30%
58SebastiãoGreek. Portuguese version of the name of a current German F1 pilot.
30%
45XavierBasque. The name of the mind reading member of the X-men.
29%
86BrianCeltic. Most common version of the first name of a Canadian singer surnamed Adams.
26%
22VicenteRoman. It is the patron Saint of the city of Lisbon.
26%
78WilliamGermanic. English name of the king known for winning at Hastings.
26%
8DuarteGermanic. It is the Medieval Portuguese equivalent of Edward.
25%
51FredericoGermanic. Version of the name of a great German philosopher.
25%
25MateusBiblical. One of the evangelists.
25%
26SimãoBiblical. Birth name of Saint Peter.
25%
85IvoGermanic. Corresponds to the french Ives or Yves.
24%
53BryanCeltic. Less common variety of the name of a famous Canadian singer surnamed Adams.
23%
64ToméBiblical. Another Portuguese version of the name Thomas.
23%
38IsaacBiblical. He was the son of Abraham and this Portuguese version of the name is the same as the English one.
22%
83SérgioRoman. It probably means "one who serves". It was used by many byzantine noblemen.
21%
13DinisFrench. Name of the Saint patron of the place where most french Kings' remains lie.
20%
43LeandroGreek. It means lionman.
20%
69RenatoRoman. It means reborn.
20%
98IgorRussian. Another very common Russian name.
19%
74MicaelBiblical. Portuguese version of the name whose diminuitive is Mike.
19%
98MoisésBiblical. The one who lead the jews out of Egypt.
19%
95SandroItalian. Italian diminuitive of Alessandro.
16%
50ValentimRoman. Portuguese version of the name of the saint namesake of the "lover's day".
16%
79GasparBiblical. One of the three wise men who visited Christ (Portuguese version)
13%
86ArthurCeltic. English version of a fictional King.
12%
34EnzoItalian. Corresponds to the german name Heinz.
12%
42MatiasBiblical. One of the evangelists.
11%
91DilanCeltic. Portuguese version of Dylan.
10%
91RomeuItalian. Portuguese version of very famous Shakespearean character's name.
10%
83GilGermanic. It has only three letters.
9%
75LiamGermanic. Irish version of William.
9%
76MatheusBiblical. One of the evangelists. This version is very close to another but with an h after the t.
9%
56BenjamimBiblical. The name of one of the most famous American founding fathers.
7%
94CaioRoman. The first name of Julius Caesar.
7%
41KevinCeltic. The Portuguese version is equal to the English one.
7%
68ManelBiblical. Version of the English name Emmanuel.
5%
81JonathanBiblical. English version of a very common Israeli name.
4%
90YuriRussian. Very common Russian name.
4%
95IsacBiblical. The son of Abraham (another version).
2%

Score Distribution

Percentile by Number Answered

Percent of People with Each Score

Your Score History

You have not taken this quiz